Makers of Dogni Literature and other essays / (Record no. 153148)

MARC details
000 -LEADER
fixed length control field 00663nam a22002297a 4500
003 - CONTROL NUMBER IDENTIFIER
control field dpl
005 - DATE AND TIME OF LATEST TRANSACTION
control field 20180627140852.0
008 - FIXED-LENGTH DATA ELEMENTS--GENERAL INFORMATION
fixed length control field 180627b xxu||||| |||| 00| 0 eng d
010 ## - LIBRARY OF CONGRESS CONTROL NUMBER
LC control number B-211162
016 ## - NATIONAL BIBLIOGRAPHIC AGENCY CONTROL NUMBER
Record control number B-211162
035 ## - SYSTEM CONTROL NUMBER
System control number B-211162
037 ## - SOURCE OF ACQUISITION
Source of stock number/acquisition BPPD/PUB
040 ## - CATALOGING SOURCE
Transcribing agency 0
082 ## - DEWEY DECIMAL CLASSIFICATION NUMBER
Classification number 808.88
100 ## - MAIN ENTRY--PERSONAL NAME
Personal name Shivanath
245 ## - TITLE STATEMENT
Title Makers of Dogni Literature and other essays /
Statement of responsibility, etc by Shivanath
260 ## - PUBLICATION, DISTRIBUTION, ETC. (IMPRINT)
Place of publication, distribution, etc Jammu
Name of publisher, distributor, etc Kashmir Times Publication
Date of publication, distribution, etc 2005
300 ## - PHYSICAL DESCRIPTION
Extent 198p. :
Dimensions 22 cm. (Hb)
520 ## - SUMMARY, ETC.
Summary, etc Contributed essays.
650 ## - SUBJECT ADDED ENTRY--TOPICAL TERM
Topical term or geographic name as entry element Indic literature
General subdivision History and criticism.
942 ## - ADDED ENTRY ELEMENTS (KOHA)
Institution code [OBSOLETE] dpl
Koha item type English Books
Call number prefix 808.88 / SHI
Source of classification or shelving scheme Dewey Decimal Classification
Classification part 808.88
Call number suffix SHI
Holdings
Withdrawn status Lost status Source of classification or shelving scheme Damaged status Not for loan Collection code Home library Current library Date acquired Source of acquisition Cost, normal purchase price Total Checkouts Full call number Barcode Date last seen Cost, replacement price Price effective from Koha item type
    Dewey Decimal Classification     Non-fiction Sarojini Nagar Sarojini Nagar 21/06/2019       808.88 SHI B-211160 21/06/2019   21/06/2019 English Books
    Dewey Decimal Classification     Non-fiction Shahdara Branch Shahdara Branch 27/06/2018 BPPD/PUB 300.00   808.88 SHI B-211162 27/06/2018 300.00 27/06/2018 English Books

© Delhi Public Library
Hit Counter
free hit counter